000 00778nam a2200241 a 4500
008
020 _a1874529329 (pbk.)
049 _aMAIN
090 0 4 _aHD72
_bDEV
245 0 0 _aDevelopment studies :
_ban introduction through selected readings /
_cedited by Ron Ayres.
260 _aDartford, England :
_bGreenwich University Press,
_c1995.
300 _axvi, 696 p. :
_bill. ;
_c25 cm.
440 0 _aGreenwich readers ;
_v3.
504 _aIncludes bibliographical references.
650 0 _aEconomic development.
651 0 _aDeveloping countries
_xEconomic conditions.
700 1 _aAyres, Ron.
907 _a.b1008275x
_b26-04-12
_c16-07-03
003
005 20230123133338.0
040 _cNUST
942 _cBOOKS
_kHD72
_mDEV
999 _c147003
_d147003